00321nam a2200121Ia 4500003000400000008004100004082001900045100002200064245005400086260003500140300000800175650001600183OSt191201s2019 xx 000 0 und d a621.38215bDAP aDARYANANI, Gobind 0aPrinciples of Active Network Synthesis and Design aNew DelhibJohn Wiley and Sons a495 aB.Tech(CSE)